عرض عادي عرض مارك
  • الإدارة التنفيذية

دخول Topical Term

عدد التسجيلات المستخدمة: 1

001 - CONTROL NUMBER

  • control field: 27303

003 - CONTROL NUMBER IDENTIFIER

  • control field: AE-AdECS

005 - DATE AND TIME OF LATEST TRANSACTION

  • control field: 20260317130250.0

008 - FIXED-LENGTH DATA ELEMENTS

  • fixed length control field: 260317|| aca||aabn | a|a d

040 ## - CATALOGING SOURCE

  • Original cataloging agency: AE-AdECS
  • Transcribing agency: AE-AdECS

150 ## - HEADING--TOPICAL TERM

  • Topical term or geographic name entry element: الإدارة التنفيذية
  • General subdivision: اتخاذ القرار في الأزمات

670 ## - SOURCE DATA FOUND

  • Source citation: Work cat.: (AE-AdECS)294417: الدسوقي، طارق نبيل محمد مؤلف. 27300, إدارة المخاطر والأزمات /

أبوظبي، الإمارات العربية المتحدة

reference@ecssr.ae

97124044780 +

حقوق النشر © 2026 مركز الإمارات للدراسات والبحوث الاستراتيجية جميع الحقوق محفوظة